Institute for the promotion of teaching science and technology of Thailand (Record no. 1373040)

MARC details
000 -LEADER
fixed length control field 00794nam a2200205Ia 4500
005 - DATE AND TIME OF LATEST TRANSACTION
control field 20250508161909.0
008 - FIXED-LENGTH DATA ELEMENTS--GENERAL INFORMATION
fixed length control field 008 250505s9999 xx 000 0 eng d
037 ## - SOURCE OF ACQUISITION
Stock number Textual
040 ## - CATALOGING SOURCE
Original cataloging agency FEDL
Language of cataloging eng
Transcribing agency FEDL
041 ## - LANGUAGE CODE
Language code of text/sound track or separate title eng
Source of code eng
084 ## - COLON CLASSIFICATION NUMBER
Classification number 507.959 3, UNE
Assigning agency FEDL
245 #0 - TITLE STATEMENT
Title Institute for the promotion of teaching science and technology of Thailand
245 #0 - TITLE STATEMENT
Statement of responsibility, etc. Unesco: Regional Office for Education in Asia
260 ## - PUBLICATION, DISTRIBUTION, ETC.
Place of publication, distribution, etc. Bangkok, Thailand
Name of publisher, distributor, etc. UNESCO Regional Office for Education in Asia and the Pacific
Date of publication, distribution, etc. 1977
300 ## - PHYSICAL DESCRIPTION
Extent 68p
490 ## - SERIES STATEMENT
Series statement Studies of curriculum development centres in Asia; 4
546 ## - LANGUAGE NOTE
Language note Study prepared for the Asian centre of Educational innovation for development (ACEID)
942 ## - ADDED ENTRY ELEMENTS (KOHA)
Koha item type Textual
Classification part 507.959 3, UNE
Holdings
Withdrawn status Lost status Damaged status Not for loan Home library Current library Date acquired Total Checkouts Full call number Barcode Date last seen Price effective from Koha item type
        Department of Education Library Department of Education Library 2025-05-08   507.959 3, UNE EL0062901 2025-05-08 2025-05-08 Textual
Copyright @ Delhi University Library System